[Event "Oslo op"]
[Site "Fornebu"]
[Date "2016.09.30"]
[Round "5"]
[White "Lie, Bjorn"]
[Black "Sjoberg, Isak"]
[Result "0-1"]
[WhiteElo "1526"]
[BlackElo "1835"]
[PlyCount "34"]
[EventDate "2016.09.30"]
[EventType "swiss"]
[EventRounds "9"]
[EventCountry "NOR"]
[SourceTitle "EXT 2018"]
[Source "ChessBase"]
[SourceDate "2017.10.13"]
[SourceVersion "1"]
[SourceVersionDate "2017.10.13"]
[SourceQuality "1"]

1. d4 Nf6 2. c4 c5 3. d5 e6 4. Nc3 exd5 5. cxd5 d6 6. e4 g6 7. Nf3 Bg7 8. Qc2 0-0 9. h3 Re8 10. Bf4 Nh5 11. Bg5 f6 12. Be3 f5 13. Bg5 Qb6 14. Rb1 fxe4 15. Nxe4 Bf5 16. Nfd2 Bxe4 17. Nxe4 Qb4+ 0-1

[Event "Oslo op"]
[Site "Fornebu"]
[Date "2016.09.30"]
[Round "8"]
[White "Melaa, Sondre Lillestol"]
[Black "Lie, Bjorn"]
[Result "1-0"]
[WhiteElo "1685"]
[BlackElo "1526"]
[PlyCount "77"]
[EventDate "2016.09.30"]
[EventType "swiss"]
[EventRounds "9"]
[EventCountry "NOR"]
[SourceTitle "EXT 2018"]
[Source "ChessBase"]
[SourceDate "2017.10.13"]
[SourceVersion "1"]
[SourceVersionDate "2017.10.13"]
[SourceQuality "1"]

1. e4 c5 2. Nf3 Nc6 3. d4 cxd4 4. Nxd4 g6 5. Nc3 Bg7 6. Be3 Nf6 7. Bc4 d6 8. h3 0-0 9. 0-0 Bd7 10. Qd2 a6 11. a4 Rc8 12. Bb3 Na5 13. f4 Nc4 14. Bxc4 Rxc4 15. a5 Qc7 16. Qd3 Rc8 17. Nb3 Rxc3 18. Qxc3 Qxc3 19. bxc3 Rxc3 20. Bd4 Rxc2 21. e5 dxe5 22. Bxe5 Bc6 23. Rf2 Rxf2 24. Kxf2 Ne4+ 25. Ke3 Bxe5 26. fxe5 Nc3 27. g3 Ne4 28. g4 Ng5 29. Nd4 Bd5 30. h4 Ne6 31. Nxe6 Bxe6 32. g5 Bd5 33. Kd4 e6 34. Kc5 Kf8 35. Kd6 f5 36. exf6 Kf7 37. Rc1 Bc6 38. Rxc6 bxc6 39. Kxc6 1-0